|
|
|
|
| LEADER |
00000cam a2200000 a 4500 |
| 001 |
vtls008312936 |
| 003 |
SK-MaSNL |
| 005 |
20260301020206.0 |
| 008 |
251124s1971 xo da e 10 0 slo |
| 015 |
|
|
|a SNBA1972/02-00504
|
| 035 |
|
|
|a SK01SNK19720005153
|
| 035 |
|
|
|a SKM000007616
|
| 040 |
|
|
|a SNK
|b slo
|c SNK
|e AACR2
|
| 041 |
0 |
|
|a slo
|
| 044 |
|
|
|a xo
|c SK
|
| 080 |
|
|
|a 371.26(082)
|2 1981
|
| 245 |
1 |
0 |
|a Zborník z konferencie o prospechu žiakov ZDŠ
|c [zost.] D. Vajda a kol.
|
| 260 |
|
|
|a Bratislava
|b Krajský pedagogický ústav
|c 1971
|
| 300 |
|
|
|a [1], 173, [2] s.
|c 8°
|
| 500 |
|
|
|a Ilustr. Tb. Grafy. Schémy
|
| 563 |
|
|
|a 500 výtl. Pre vnútornú potrebu škôl Západoslov. kraja
|
| 650 |
0 |
7 |
|a žiaci
|2 SNKPH
|9 16621
|
| 650 |
0 |
7 |
|a školský prospech
|2 SNKPH
|9 3978
|
| 655 |
|
7 |
|a zborníky
|2 SNKPH
|9 70165
|
| 700 |
1 |
|
|a Vajda, D.
|4 com
|9 307193
|
| 958 |
|
|
|a OND
|
| 958 |
|
|
|a RM
|
| 958 |
|
|
|a RK
|
| 958 |
|
|
|a ZB
|
| 999 |
|
|
|c 562439
|d 564369
|
| 952 |
|
|
|a SNK
|b SNK
|y PREZ
|7 0
|p 17A0890079
|o snkSB 18125
|i snkKSP 1993/72
|0 0
|1 0
|4 0
|d 2015-03-26
|l 0
|r 2025-03-20 00:00:00
|w 2026-02-23
|
| 952 |
|
|
|a SNK
|b SNK
|y VYP
|7 0
|o snkSB 18125 D1
|i snkKSP 1994/72
|0 0
|1 0
|4 0
|d 2015-03-26
|l 0
|r 2026-02-23 13:47:07
|w 2026-02-23
|